000 00322nam a2200133Ia 4500
005 20251222143259.0
008 251222s9999||||xx |||||||||||||| ||spa||
020 _a84-224-0798-1
082 _a616.852.7/C28
100 _aCardona Pescador, Juan
245 0 _aLa Depresión:
264 _bCientifico Medica
942 _cLIB
999 _c15262
_d15262